[Event "Hannover Bezirk-ch D"]
[Site "Hannover"]
[Date "2018.10.07"]
[Round "7.6"]
[White "Nidzwetzki, Nadja"]
[Black "Orth, Bernhard"]
[Result "0-1"]
[WhiteElo "1031"]
[BlackElo "1208"]
[PlyCount "76"]
[EventDate "2018.10.04"]
[EventType "swiss"]
[EventRounds "7"]
[EventCountry "GER"]
[SourceTitle "EXT 2022"]
[Source "ChessBase"]
[SourceDate "2021.10.06"]
[SourceVersion "1"]
[SourceVersionDate "2021.10.06"]
[SourceQuality "1"]

1. e4 e5 2. Nf3 Nc6 3. Nc3 Bc5 4. Bc4 d6 5. 0-0 Bg4 6. d3 Nd4 7. Be3 Bxf3 8. gxf3 Nf6 9. Kh1 0-0 10. Rg1 Kh8 11. a3 c6 12. Rg3 Nh5 13. Rg5 g6 14. Na4 Qf6 15. Kg2 Nf4+ 16. Bxf4 Qxf4 17. Rg3 Rae8 18. Nxc5 dxc5 19. c3 Ne6 20. Qe2 Qh6 21. Bxe6 fxe6 22. Rd1 Rf4 23. Qe3 b6 24. Rg4 Ref8 25. Rxf4 Rxf4 26. Kh1 Qh3 27. Rg1 Rxf3 28. Qe2 Rxd3 29. Rg3 Rxg3 30. fxg3 Qh6 31. Qf2 Kg7 32. Qe2 b5 33. Qd3 Qc1+ 34. Kg2 Qxb2+ 35. Kh3 Qxa3 36. Qd7+ Kh6 37. g4 Qxc3+ 38. Kh4 g5# 0-1

[Event "Hannover Bezirk-ch D"]
[Site "Hannover"]
[Date "2018.10.06"]
[Round "6.7"]
[White "Kallen, Daniel"]
[Black "Orth, Bernhard"]
[Result "0-1"]
[WhiteElo "849"]
[BlackElo "1208"]
[PlyCount "35"]
[EventDate "2018.10.04"]
[EventType "swiss"]
[EventRounds "7"]
[EventCountry "GER"]
[SourceTitle "EXT 2022"]
[Source "ChessBase"]
[SourceDate "2021.10.06"]
[SourceVersion "1"]
[SourceVersionDate "2021.10.06"]
[SourceQuality "1"]

1. d4 d5 2. Bf4 Nf6 3. e3 Bf5 4. Nf3 e6 5. c3 Bd6 6. Be2 Nbd7 7. Nbd2 Qe7 8. 0-0 0-0-0 9. Ne5 Bxe5 10. dxe5 Ne4 11. Nxe4 dxe4 12. Qb3 Nc5 13. Qa3 a6 14. Rad1 Rhe8 15. b4 Nd3 16. Bxd3 exd3 17. Rd2 Rd7 18. b5 0-1